000 00439pab a2200181 454500
008 180718b2012 xxu||||| |||| 00| 0 eng d
100 _aSharma, Vinod K.
245 _aNatural disaster management in India
260 _c2012
300 _ap.30-36.
362 _aMar
650 _aDisaster prevention - India
650 _aDisaster prevention
700 _aAshutosh, D. Kaushik
773 _aYojana
908 _aN
909 _a95299
999 _c95299
_d95299